[Event "Denver op"]
[Site "Denver"]
[Date "2019.04.28"]
[Round "5"]
[White "Moussa, Alaa Eddine"]
[Black "McConnell, Sullivan Mac"]
[Result "0-1"]
[WhiteElo "1993"]
[BlackElo "1834"]
[PlyCount "134"]
[EventDate "2019.04.26"]
[EventType "swiss"]
[EventRounds "5"]
[EventCountry "USA"]
[SourceTitle "CBM 190 Extra"]
[Source "ChessBase"]
[SourceDate "2019.07.15"]
[SourceVersion "1"]
[SourceVersionDate "2019.07.15"]
[SourceQuality "1"]

1. d4 Nf6 2. c4 b6 3. Nf3 Bb7 4. Nc3 e6 5. a3 Be7 6. d5 d6 7. e4 e5 8. g3 0-0 9. Bg2 Ne8 10. h4 a5 11. h5 Na6 12. Be3 Bc8 13. Nd2 Bg5 14. f4 exf4 15. gxf4 Bh4+ 16. Kf1 Bf6 17. Qc2 Nc5 18. Re1 Bh4 19. Re2 Bg3 20. Bf3 Qf6 21. e5 Qh6 22. f5 Bf4 23. Bxf4 Qxf4 24. e6 fxe6 25. fxe6 Ba6 26. Nce4 Nxe4 27. Rxe4 Qg3 28. Re3 Nf6 29. e7 Rf7 30. Qf5 Ne8 31. Qe4 Qf4 32. Rh4 Qf6 33. Qd4 Qxd4 34. Rxd4 Nf6 35. Kg2 Re8 36. Ne4 Rfxe7 37. Nxf6+ gxf6 38. Re6 Rg7+ 39. Kf2 Rxe6 40. dxe6 Kf8 41. c5 Ke7 42. cxd6+ cxd6 43. Bg4 Rg5 44. Rf4 Rc5 45. b4 Rc4 46. Kg3 Rxf4 47. Kxf4 h6 48. bxa5 bxa5 49. Ke4 Bc4 50. Kd4 Bxe6 51. Bf3 f5 52. Ke3 Kf6 53. Kf4 Bc4 54. Bd1 Bd3 55. Bf3 Bc2 56. Be2 Be4 57. Bd1 d5 58. Bb3 d4 59. Bd1 Bd3 60. Bf3 Bc2 61. Bc6 Bd1 62. Be8 Be2 63. Bd7 d3 64. Bb5 Bf1 65. Ke3 f4+ 66. Kf3 Kg5 67. Ba4 Be2+ 0-1

[Event "Colorado-ch Reserve"]
[Site "Lone Tree"]
[Date "2019.04.??"]
[Round "3"]
[White "Moussa, Alaa Eddine"]
[Black "McConnell, Sullivan Mac"]
[Result "0-1"]
[WhiteElo "1993"]
[BlackElo "1834"]
[PlyCount "82"]
[EventDate "2019.04.05"]
[EventType "tourn"]
[EventRounds "5"]
[EventCountry "USA"]
[SourceTitle "EXT 2020"]
[Source "ChessBase"]
[SourceDate "2019.10.17"]
[SourceVersion "1"]
[SourceVersionDate "2019.10.17"]
[SourceQuality "1"]

1. d4 Nf6 2. c4 e6 3. Nf3 b6 4. g3 Bb7 5. Bg2 Be7 6. 0-0 0-0 7. Nc3 Ne4 8. Bd2 f5 9. d5 Nxd2 10. Qxd2 Bf6 11. e4 Bxc3 12. bxc3 fxe4 13. Ng5 e5 14. Bxe4 h6 15. f4 hxg5 16. fxg5 Na6 17. Rxf8+ Qxf8 18. Qe2 g6 19. Rf1 Qc5+ 20. Kg2 Rf8 21. Rf6 Rxf6 22. gxf6 Qf8 23. Bxg6 Qxf6 24. Qh5 Nc5 25. Bf5 Kf8 26. Qg4 Ke7 27. h4 Ba6 28. Bh7 e4 29. Bxe4 Bxc4 30. Bf3 Nd3 31. Qe4+ Ne5 32. Be2 Bxe2 33. Qxe2 Qf5 34. h5 Kd6 35. h6 Nf7 36. c4 c5 37. Qe3 Qc2+ 38. Kh3 Qg6 39. Qf4+ Ke7 40. Qh4+ Kf8 41. h7 Qxh7 0-1

[Event "Southern California op-A 36th"]
[Site "San Diego"]
[Date "2014.09.01"]
[Round "6"]
[White "Tolentino, Karl"]
[Black "Moussa, Alaa Eddine"]
[Result "0-1"]
[WhiteElo "2044"]
[BlackElo "2138"]
[PlyCount "58"]
[EventDate "2014.08.30"]
[EventType "swiss"]
[EventRounds "6"]
[EventCountry "USA"]
[SourceTitle "EXT 2018"]
[Source "ChessBase"]
[SourceDate "2017.10.13"]
[SourceVersion "1"]
[SourceVersionDate "2017.10.13"]
[SourceQuality "1"]

1. d4 Nf6 2. c4 e6 3. Nc3 Bb4 4. Qc2 c5 5. dxc5 0-0 6. Nf3 Na6 7. a3 Bxc3+ 8. Qxc3 Nxc5 9. b4 Nce4 10. Qc2 b6 11. e3 Ba6 12. Bb2 Rc8 13. Rd1 Bxc4 14. Bxc4 b5 15. Nd2 Nxd2 16. Qxd2 bxc4 17. Bxf6 Qxf6 18. Qxd7 Rfd8 19. Qb7 Rxd1+ 20. Kxd1 Rd8+ 21. Ke2 c3 22. Rd1 c2 23. Rc1 Qc3 24. Kf3 g6 25. b5 Rd1 26. Rxc2 Qxc2 27. g4 Qc5 28. Qb8+ Kg7 29. a4 Qd5+ 0-1

[Event "Ontario Grumette Memorial"]
[Site "Ontario"]
[Date "2014.05.24"]
[Round "1"]
[White "Harwell, John R"]
[Black "Moussa, Alaa Eddine"]
[Result "0-1"]
[WhiteElo "2066"]
[BlackElo "2207"]
[PlyCount "60"]
[EventDate "2014.05.24"]
[EventType "swiss"]
[EventRounds "6"]
[EventCountry "USA"]
[SourceTitle "EXT 2018"]
[Source "ChessBase"]
[SourceDate "2017.10.13"]
[SourceVersion "1"]
[SourceVersionDate "2017.10.13"]
[SourceQuality "1"]

1. e4 c6 2. d4 d5 3. e5 c5 4. dxc5 e6 5. Be3 Qc7 6. Nf3 Bxc5 7. Bxc5 Qxc5 8. Nc3 Bd7 9. Bd3 Ne7 10. 0-0 Nbc6 11. Qd2 Ng6 12. Qg5 0-0 13. Qh5 Nce7 14. Kh1 f5 15. exf6 gxf6 16. Ne4 Qc7 17. Neg5 fxg5 18. Nxg5 Rf7 19. Nxf7 Kxf7 20. f4 Kg7 21. Rae1 Rf8 22. f5 Nxf5 23. g4 Nfe7 24. Rxf8 Nxf8 25. g5 Nfg6 26. Qh6+ Kg8 27. Rf1 Nf5 28. Bxf5 exf5 29. h4 d4 30. Rf2 Qg3 0-1

[Event "Western Pacific op"]
[Site "Los Angeles"]
[Date "2014.04.25"]
[Round "1"]
[White "Moussa, Alaa Eddine"]
[Black "Gareyev, Timur"]
[Result "0-1"]
[WhiteElo "2120"]
[BlackElo "2653"]
[PlyCount "74"]
[EventDate "2014.04.25"]
[EventType "swiss"]
[EventRounds "5"]
[EventCountry "USA"]
[SourceTitle "CBM 160 Extra"]
[Source "ChessBase"]
[SourceDate "2014.07.01"]
[SourceVersion "1"]
[SourceVersionDate "2014.07.01"]
[SourceQuality "1"]

1. d4 Nf6 2. c4 e6 3. Nf3 b6 4. g3 Bb7 5. Bg2 g6 6. Nc3 Ne4 7. d5 Nxc3 8. Qd4 f6 9. Qxc3 Bg7 10. Qe3 0-0 11. Nd4 e5 12. Nc2 f5 13. 0-0 d6 14. b4 Nd7 15. Bd2 Qe7 16. Nd4 f4 17. gxf4 Rxf4 18. Ne6 Rxc4 19. Rac1 Rxc1 20. Rxc1 Rc8 21. Qa3 a6 22. Rxc7 Rxc7 23. Nxc7 e4 24. Qh3 Nf8 25. Ne6 Nxe6 26. dxe6 b5 27. Qg4 Bd5 28. Bh3 Qf6 29. Qg5 Bxa2 30. e7 Kf7 31. Bc8 Qxe7 32. Qf4+ Kg8 33. Bxa6 Bc4 34. Kf1 Qe6 35. Bb7 Qh3+ 36. Ke1 Qg2 37. Kd1 Bb3+ 0-1

[Event "Olympiad-38"]
[Site "Dresden"]
[Date "2008.11.25"]
[Round "11"]
[White "Rowe, Duane"]
[Black "Moussa, Alaa Eddine"]
[Result "1/2-1/2"]
[WhiteElo "2203"]
[BlackElo "2223"]
[PlyCount "81"]
[EventDate "2008.11.13"]
[EventType "team-swiss"]
[EventRounds "11"]
[EventCountry "GER"]
[SourceTitle "CBM 128"]
[Source "ChessBase"]
[SourceDate "2009.01.28"]
[SourceVersion "1"]
[SourceVersionDate "2009.01.28"]
[SourceQuality "1"]
[WhiteTeam "Jamaica"]
[BlackTeam "Palestine"]
[WhiteTeamCountry "JAM"]
[BlackTeamCountry "PLE"]

1. e4 c6 2. Nf3 d5 3. Nc3 dxe4 4. Nxe4 Nf6 5. Nxf6+ gxf6 6. g3 Bg4 7. Bg2 Nd7 8. d4 e6 9. 0-0 Bd6 10. c4 Qa5 11. h3 Bh5 12. Bd2 Qa6 13. Qb3 0-0 14. Rfe1 c5 15. Nh4 Rab8 16. d5 Be5 17. Bh6 Rfe8 18. Bf3 Bg6 19. dxe6 Qxe6 20. Kg2 Qb6 21. Qd1 Bd4 22. Rxe8+ Rxe8 23. Qa4 Qxb2 24. Rf1 b5 25. Qxb5 Qxb5 26. cxb5 Bd3 27. Rc1 Ne5 28. Re1 Bxb5 29. Bd5 Bxf2 30. Rb1 Bd3 31. Rb7 Bd4 32. Nf3 Bc4 33. Bxc4 Nxc4 34. Nxd4 cxd4 35. Rd7 Ne3+ 36. Kf3 Nf5 37. Bf4 Re7 38. Rd5 Ng7 39. Rxd4 Ne6 40. Ra4 Ng5+ 41. Kg4 1/2-1/2

[Event "Olympiad-38"]
[Site "Dresden"]
[Date "2008.11.15"]
[Round "3"]
[White "Moussa, Alaa Eddine"]
[Black "Prasad, Calvin"]
[Result "1/2-1/2"]
[WhiteElo "2223"]
[BlackElo "1888"]
[PlyCount "143"]
[EventDate "2008.11.13"]
[EventType "team-swiss"]
[EventRounds "11"]
[EventCountry "GER"]
[SourceTitle "CBM 128"]
[Source "ChessBase"]
[SourceDate "2009.01.28"]
[SourceVersion "1"]
[SourceVersionDate "2009.01.28"]
[SourceQuality "1"]
[WhiteTeam "Palestine"]
[BlackTeam "Fiji"]
[WhiteTeamCountry "PLE"]
[BlackTeamCountry "FIJ"]

1. d4 Nf6 2. c4 g6 3. Nc3 Bg7 4. e4 d6 5. Be2 0-0 6. Bg5 c5 7. dxc5 Qa5 8. Bd2 Qxc5 9. Nf3 Bg4 10. 0-0 Nbd7 11. Be3 Qc8 12. Rc1 Bxf3 13. Bxf3 Ne5 14. Be2 Nxc4 15. Bg5 Qe6 16. Bxc4 Qxc4 17. Qf3 Qb4 18. Rc2 Rac8 19. h3 Rc6 20. Rd1 Qa5 21. Bh4 Re8 22. Rcd2 Qh5 23. Qxh5 Nxh5 24. Nd5 Nf6 25. Nxf6+ Bxf6 26. Bxf6 exf6 27. f3 Rd8 28. Kf2 Kf8 29. Ke3 Ke7 30. g4 Ke6 31. Rd5 Rd7 32. R1d2 Rc5 33. f4 Rxd5 34. Rxd5 Rc7 35. Rb5 b6 36. h4 Rc5 37. Rb4 h5 38. f5+ Ke5 39. fxg6 fxg6 40. gxh5 gxh5 41. Rd4 d5 42. exd5 Rxd5 43. Re4+ Kf5 44. Rf4+ Ke6 45. Rb4 Ra5 46. a3 Rc5 47. a4 Re5+ 48. Kf4 Re1 49. Rb5 Rf1+ 50. Ke4 f5+ 51. Ke3 Re1+ 52. Kf3 Rc1 53. b3 Rc5 54. Rb4 Ke5 55. Ke2 f4 56. Kf3 Rc3+ 57. Kf2 Kf5 58. a5 bxa5 59. Rb5+ Kg4 60. Rxa5 Rc2+ 61. Kf1 Rb2 62. Rxa7 Rxb3 63. Rg7+ Kxh4 64. Kf2 Rg3 65. Rf7 Rg4 66. Kf3 Kg5 67. Rg7+ Kf5 68. Rf7+ Ke5 69. Re7+ Kf6 70. Rh7 Kg6 71. Rh8 Rh4 72. Rf8 1/2-1/2

[Event "USA PSW op 47th"]
[Site "Burbank"]
[Date "2007.07.01"]
[Round "4"]
[White "Moussa, Alaa Eddine"]
[Black "Kudryavtsev, Vadim"]
[Result "1/2-1/2"]
[WhiteElo "2221"]
[BlackElo "2152"]
[PlyCount "107"]
[EventDate "2007.06.29"]
[EventType "swiss"]
[EventRounds "5"]
[EventCountry "USA"]
[SourceTitle "CBM 119 Extra"]
[Source "ChessBase"]
[SourceDate "2007.09.04"]
[SourceVersion "1"]
[SourceVersionDate "2007.09.04"]
[SourceQuality "1"]

1. d4 Nf6 2. c4 g6 3. Nc3 Bg7 4. e4 d6 5. Be2 0-0 6. Bg5 Na6 7. Qd2 c6 8. Nf3 Nc7 9. a4 d5 10. Bxf6 Bxf6 11. 0-0 dxc4 12. Bxc4 Bg4 13. Rad1 Qd7 14. Ne5 Bxe5 15. dxe5 Qxd2 16. Rxd2 Rad8 17. Rxd8 Rxd8 18. f3 Be6 19. Bxe6 Nxe6 20. Rd1 Rxd1+ 21. Nxd1 Nc5 22. a5 Nd3 23. Kf1 Nxe5 24. Ke2 Kf8 25. f4 Ng4 26. h3 Nf6 27. Nf2 Ke8 28. Ke3 Kd8 29. Nd3 Nd7 30. g4 Kc7 31. h4 h6 32. g5 hxg5 33. hxg5 Kd6 34. b4 c5 35. bxc5+ Nxc5 36. Ne5 Ke6 37. Nc4 f6 38. Kd4 Nb3+ 39. Kc3 Nc5 40. Kd4 Nd7 41. gxf6 exf6 42. f5+ gxf5 43. exf5+ Kxf5 44. Nd6+ Ke6 45. Nxb7 f5 46. Nd8+ Kd6 47. Nf7+ Kc6 48. Ke3 Nc5 49. Ne5+ Kd5 50. Kf4 Ke6 51. Nc6 a6 52. Nb4 Kf6 53. Nd5+ Ke6 54. Nb4 1/2-1/2

[Event "Memorial Day Classic"]
[Site "Los Angeles"]
[Date "2007.05.27"]
[Round "3"]
[White "Moussa, Alaa Eddine"]
[Black "Gutman, Joshua"]
[Result "1-0"]
[WhiteElo "2223"]
[BlackElo "2125"]
[PlyCount "93"]
[EventDate "2007.05.26"]
[EventType "swiss"]
[EventRounds "6"]
[EventCountry "USA"]
[SourceTitle "CBM 118 Extra"]
[Source "ChessBase"]
[SourceDate "2007.07.04"]
[SourceVersion "1"]
[SourceVersionDate "2007.07.04"]
[SourceQuality "1"]

1. d4 d5 2. c4 c6 3. e3 Nf6 4. Nc3 g6 5. Nf3 Bg7 6. Be2 0-0 7. 0-0 Bg4 8. b3 e6 9. Bb2 a5 10. Re1 Re8 11. Qd2 a4 12. Nxa4 dxc4 13. Qb4 b5 14. Nc5 cxb3 15. axb3 Rxa1 16. Rxa1 Nfd7 17. h3 Nxc5 18. Qxc5 Bf8 19. Qc3 Bxf3 20. Bxf3 b4 21. Qc4 Qb6 22. Rc1 Bg7 23. Ra1 Rc8 24. Ra8 Qb7 25. Ra4 Bf8 26. d5 cxd5 27. Qd4 Rc3 28. Bxc3 bxc3 29. Qxc3 Nc6 30. Be2 Bb4 31. Qd3 Bd6 32. Qa6 Qc7 33. Qb5 Bh2+ 34. Kh1 Bd6 35. Kg1 Bh2+ 36. Kh1 Bd6 37. Ra1 Nb4 38. Qa5 Qc3 39. g3 Qb2 40. Qd8+ Kg7 41. Rg1 Bf8 42. Bb5 Qxb3 43. Qg5 f6 44. Qg4 e5 45. Rc1 f5 46. Rc7+ Kg8 47. Qh4 1-0

[Event "Temecula op 27th"]
[Site "Temecula"]
[Date "2006.09.03"]
[Round "4"]
[White "Moussa, Alaa Eddine"]
[Black "Taylor, Timothy"]
[Result "1-0"]
[WhiteElo "2203"]
[BlackElo "2328"]
[PlyCount "83"]
[EventDate "2006.09.02"]
[EventType "swiss"]
[EventRounds "6"]
[EventCountry "USA"]
[SourceTitle "CBM 114 Extra"]
[Source "ChessBase"]
[SourceDate "2006.11.03"]
[SourceVersion "1"]
[SourceVersionDate "2006.11.03"]
[SourceQuality "1"]

1. d4 e6 2. c4 f5 3. Nc3 Nf6 4. g3 Be7 5. Bg2 0-0 6. Nf3 d6 7. 0-0 Ne4 8. Qc2 Nxc3 9. Qxc3 Bf6 10. b3 Nc6 11. Bb2 e5 12. dxe5 dxe5 13. Rad1 Qe7 14. Qc1 e4 15. Ba3 exf3 16. Bxe7 fxg2 17. Bxf8 gxf1Q+ 18. Kxf1 Kxf8 19. Qf4 Be5 20. Qh4 Be6 21. Qxh7 Kf7 22. Rd3 Ne7 23. e4 Bf6 24. Rf3 fxe4 25. Qxe4 Rd8 26. g4 Bd7 27. Qf4 Bc6 28. g5 Ng6 29. Qg3 Nh4 30. Rxf6+ gxf6 31. Qxh4 Bf3 32. g6+ Ke8 33. Qh8+ Ke7 34. Qh7+ Kd6 35. g7 Kc6 36. Qc2 f5 37. h4 Be4 38. Qc1 Bf3 39. Kg1 Rg8 40. Qg5 Be4 41. Qf6+ Kd7 42. Qf7+ 1-0

[Event "Olympiad-37"]
[Site "Turin"]
[Date "2006.05.28"]
[Round "7"]
[White "Ferster, Fabian"]
[Black "Moussa, Alaa Eddine"]
[Result "1/2-1/2"]
[WhiteElo "2061"]
[BlackElo "2207"]
[PlyCount "85"]
[EventDate "2006.05.21"]
[EventType "team-swiss"]
[EventRounds "13"]
[EventCountry "ITA"]
[SourceTitle "CBM 113"]
[Source "ChessBase"]
[SourceDate "2006.07.31"]
[SourceVersion "1"]
[SourceVersionDate "2006.07.31"]
[SourceQuality "1"]
[WhiteTeam "Liechtenstein"]
[BlackTeam "Palestine"]
[WhiteTeamCountry "LIE"]
[BlackTeamCountry "PLE"]

1. e4 c6 2. d4 d5 3. Nc3 dxe4 4. Nxe4 Nd7 5. Ng5 Ngf6 6. Bd3 e6 7. N1f3 Bd6 8. Qe2 h6 9. Ne4 Nxe4 10. Qxe4 Nf6 11. Qe2 Qc7 12. Bd2 b6 13. 0-0-0 Bb7 14. Ne5 0-0-0 15. f4 Kb8 16. Kb1 Rc8 17. Rhf1 c5 18. dxc5 Bxc5 19. c4 Rhd8 20. g4 Bd4 21. Be3 Ne8 22. g5 f6 23. Nf3 Bxe3 24. Qxe3 hxg5 25. fxg5 e5 26. gxf6 gxf6 27. Nd2 Qc5 28. Qxc5 bxc5 29. Bg6 Rd4 30. Kc1 Rcd8 31. Bxe8 Rxe8 32. Rxf6 e4 33. Nf1 e3 34. Re1 Rxc4+ 35. Kd1 Rce4 36. Ng3 Rd4+ 37. Kc1 Rc4+ 38. Kb1 Rh4 39. Nf5 Rh3 40. Nd6 Rd8 41. Nxb7 Kxb7 42. Re6 Rxh2 43. R6xe3 1/2-1/2

[Event "Olympiad-37"]
[Site "Turin"]
[Date "2006.05.27"]
[Round "6"]
[White "Munoz Santana, Jose Lisandro"]
[Black "Moussa, Alaa Eddine"]
[Result "1/2-1/2"]
[WhiteElo "2342"]
[BlackElo "2207"]
[PlyCount "55"]
[EventDate "2006.05.21"]
[EventType "team-swiss"]
[EventRounds "13"]
[EventCountry "ITA"]
[SourceTitle "CBM 113"]
[Source "ChessBase"]
[SourceDate "2006.07.31"]
[SourceVersion "1"]
[SourceVersionDate "2006.07.31"]
[SourceQuality "1"]
[WhiteTeam "Dominican Rep"]
[BlackTeam "Palestine"]
[WhiteTeamCountry "DOM"]
[BlackTeamCountry "PLE"]

1. e4 c6 2. d4 d5 3. Nc3 dxe4 4. Nxe4 Nd7 5. Ng5 Ngf6 6. Bd3 e6 7. N1f3 Bd6 8. Qe2 h6 9. Ne4 Nxe4 10. Qxe4 Qc7 11. 0-0 c5 12. Qg4 Kf8 13. c3 b6 14. Qe4 Bb7 15. Qe2 Re8 16. Be4 Bxe4 17. Qxe4 e5 18. dxe5 Nxe5 19. Nxe5 Bxe5 20. Qh4 Kg8 21. Rd1 Kh7 22. Qe4+ g6 23. Qh4 Kg7 24. Be3 Bf6 25. Qh3 Rd8 26. a4 Bg5 27. Rxd8 Rxd8 28. Qf3 1/2-1/2

[Event "Olympiad-37"]
[Site "Turin"]
[Date "2006.05.23"]
[Round "3"]
[White "Moussa, Alaa Eddine"]
[Black "Hj, Azahari Md Aliuddin"]
[Result "1/2-1/2"]
[WhiteElo "2207"]
[BlackElo "2139"]
[PlyCount "114"]
[EventDate "2006.05.21"]
[EventType "team-swiss"]
[EventRounds "13"]
[EventCountry "ITA"]
[SourceTitle "CBM 113"]
[Source "ChessBase"]
[SourceDate "2006.07.31"]
[SourceVersion "1"]
[SourceVersionDate "2006.07.31"]
[SourceQuality "1"]
[WhiteTeam "Palestine"]
[BlackTeam "Brunei"]
[WhiteTeamCountry "PLE"]
[BlackTeamCountry "BRN"]

1. Nf3 d5 2. d4 Nf6 3. c4 c6 4. cxd5 cxd5 5. Nc3 Nc6 6. Bf4 e6 7. e3 a6 8. Bd3 Bd6 9. Bg3 b5 10. 0-0 0-0 11. Rc1 Bb7 12. Nd2 Rc8 13. Nb3 Rc7 14. Nc5 Qe7 15. Bxd6 Qxd6 16. Bxb5 axb5 17. Nxb5 Qe7 18. Nxc7 Qxc7 19. b4 Qe7 20. Qa4 Rc8 21. b5 Nd8 22. Nxb7 Qxb7 23. Rxc8 Qxc8 24. Qa6 Qb8 25. Rc1 Nb7 26. Qc6 Ne8 27. b6 Kf8 28. a4 Ned6 29. g3 Na5 30. Qc7 Qxc7 31. bxc7 Nc8 32. Rc5 Nb7 33. Rc2 Nbd6 34. a5 Na7 35. Rb2 Ke7 36. Rb8 Ndc8 37. Rb7 Kd7 38. a6 Kc6 39. g4 Kd6 40. Kg2 f6 41. h4 g6 42. Kf3 e5 43. Ke2 e4 44. Kd2 f5 45. g5 Kd7 46. Kc3 Kd6 47. Kb3 Kd7 48. Ka4 Kc6 49. Ka5 Kd6 50. Ka4 Kd7 51. Ka5 Kc6 52. Kb4 Kd6 53. Ka3 Kd7 54. Ka4 Kd6 55. Kb4 Nc6+ 56. Kb5 N8a7+ 57. Ka4 Nc8 1/2-1/2

[Event "Olympiad-37"]
[Site "Turin"]
[Date "2006.05.21"]
[Round "1"]
[White "Nguyen, Ngoc Truong Son"]
[Black "Moussa, Alaa Eddine"]
[Result "1-0"]
[WhiteElo "2555"]
[BlackElo "2207"]
[PlyCount "61"]
[EventDate "2006.05.21"]
[EventType "team-swiss"]
[EventRounds "13"]
[EventCountry "ITA"]
[SourceTitle "CBM 113"]
[Source "ChessBase"]
[SourceDate "2006.07.31"]
[SourceVersion "1"]
[SourceVersionDate "2006.07.31"]
[SourceQuality "1"]
[WhiteTeam "Vietnam"]
[BlackTeam "Palestine"]
[WhiteTeamCountry "VIE"]
[BlackTeamCountry "PLE"]

1. d4 Nf6 2. c4 e6 3. Nf3 b6 4. Nc3 Bb7 5. Bf4 Be7 6. Qc2 Nh5 7. Bd2 f5 8. e4 fxe4 9. Nxe4 c5 10. Bd3 Nc6 11. d5 Nd4 12. Nxd4 cxd4 13. d6 Bf8 14. Nc5 Qb8 15. Nxb7 Qxb7 16. Be4 Qb8 17. Bxa8 Qxa8 18. 0-0 Bxd6 19. Qd1 g6 20. Qg4 Qb8 21. g3 Rf8 22. Rae1 Be5 23. Qe4 Bg7 24. b3 Rf5 25. Bc1 Re5 26. Qd3 Qd6 27. Rd1 Rf5 28. f4 g5 29. fxg5 Rxf1+ 30. Rxf1 Be5 31. Qxh7 1-0

[Event "Southern California-ch"]
[Site "Century City"]
[Date "2005.07.17"]
[Round "7"]
[White "Lakdawala, Cyrus"]
[Black "Moussa, Alaa Eddine"]
[Result "1-0"]
[WhiteElo "2428"]
[BlackElo "2236"]
[PlyCount "47"]
[EventDate "2005.07.09"]
[EventType "tourn"]
[EventRounds "7"]
[EventCountry "USA"]
[EventCategory "5"]
[SourceTitle "CBM 107 Extra"]
[Source "ChessBase"]
[SourceDate "2005.09.01"]
[SourceVersion "1"]
[SourceVersionDate "2005.09.01"]
[SourceQuality "1"]

1. e4 c5 2. Nc3 Nc6 3. Bb5 g6 4. Bxc6 dxc6 5. f4 Bg7 6. Nf3 Nf6 7. Qe2 Nd7 8. d3 e5 9. f5 Qe7 10. g4 f6 11. Be3 b6 12. 0-0-0 g5 13. h4 h6 14. hxg5 hxg5 15. Rxh8+ Bxh8 16. Qh2 Bg7 17. Ne2 Ba6 18. Qh5+ Kd8 19. Bxg5 Kc7 20. Bh6 Rh8 21. g5 fxg5 22. Bxg5 Nf6 23. Qg6 Rg8 24. Nxe5 1-0

[Event "Southern California-ch"]
[Site "Century City"]
[Date "2005.07.16"]
[Round "6"]
[White "Moussa, Alaa Eddine"]
[Black "Peters, Jack"]
[Result "0-1"]
[WhiteElo "2236"]
[BlackElo "2430"]
[PlyCount "110"]
[EventDate "2005.07.09"]
[EventType "tourn"]
[EventRounds "7"]
[EventCountry "USA"]
[EventCategory "5"]
[SourceTitle "CBM 107 Extra"]
[Source "ChessBase"]
[SourceDate "2005.09.01"]
[SourceVersion "1"]
[SourceVersionDate "2005.09.01"]
[SourceQuality "1"]

1. d4 Nf6 2. c4 g6 3. Nc3 Bg7 4. e4 d6 5. Be2 0-0 6. Bg5 Nbd7 7. Qd2 e5 8. d5 Nc5 9. f3 Bd7 10. h4 a6 11. h5 Qe8 12. Bh6 Qe7 13. g4 Ne8 14. Nh3 gxh5 15. b4 hxg4 16. fxg4 Na4 17. Nxa4 Bxa4 18. Ng5 Bxh6 19. Rxh6 f6 20. Rxh7 Ng7 21. Rxg7+ Qxg7 22. Ne6 Qh7 23. Nxf8 Qh4+ 24. Kf1 Rxf8 25. Kg2 Qg5 26. Qd3 Kg7 27. Rh1 Rh8 28. Rxh8 Kxh8 29. Qh3+ Kg7 30. Qc3 Bd7 31. Kh3 Qh6+ 32. Kg2 Qf4 33. Qf3 Qd2 34. a3 Ba4 35. Qd3 Qc1 36. Qf3 Qe1 37. Qf1 Qd2 38. Qf3 Bc2 39. Kg3 Qd4 40. g5 Qg1+ 41. Kh3 Qxg5 42. Bd3 Bxd3 43. Qxd3 f5 44. exf5 Kf6 45. Kh2 Qxf5 46. Qe2 Kg5 47. Qg2+ Qg4 48. Qc2 e4 49. Qc3 Kf5 50. Qd4 Qe2+ 51. Kg1 e3 52. Qh8 Qg4+ 53. Kh2 e2 54. Qh7+ Kf4 55. Qh6+ Kf3 0-1

[Event "Western Pacific op 3rd"]
[Site "Burbank"]
[Date "2005.03.26"]
[Round "3"]
[White "Moussa, Alaa Eddine"]
[Black "Matikozian, Andranik"]
[Result "0-1"]
[WhiteElo "2236"]
[BlackElo "2496"]
[PlyCount "65"]
[EventDate "2005.03.25"]
[EventType "swiss"]
[EventRounds "5"]
[EventCountry "USA"]
[SourceTitle "CBM 105 Extra"]
[Source "ChessBase"]
[SourceDate "2005.05.01"]
[SourceVersion "1"]
[SourceVersionDate "2005.05.01"]
[SourceQuality "1"]

1. d4 Nf6 2. c4 g6 3. Nc3 Bg7 4. e4 d6 5. Be2 0-0 6. Bg5 Nbd7 7. Qd2 c6 8. h4 h5 9. Nh3 a6 10. f3 b5 11. Nf2 bxc4 12. Bxc4 d5 13. Bb3 dxe4 14. Nfxe4 a5 15. Bh6 Ba6 16. Bxg7 Kxg7 17. Ng5 Qb6 18. 0-0-0 c5 19. Rhe1 c4 20. Ba4 e6 21. g4 Rad8 22. Qf4 Bb7 23. Bxd7 Rxd7 24. gxh5 Nxh5 25. Qe5+ Kg8 26. Na4 Qc6 27. Rg1 Qxa4 28. Nxf7 Kxf7 29. Rxg6 Qxd1+ 30. Kxd1 Bxf3+ 31. Kd2 Kxg6 32. Qxe6+ Nf6 33. Kc3 0-1

[Event "USA-chT Amateur West"]
[Site "Norwalk"]
[Date "2005.02.20"]
[Round "4"]
[White "Moussa, Alaa Eddine"]
[Black "Peters, Jack"]
[Result "0-1"]
[WhiteElo "2236"]
[BlackElo "2430"]
[PlyCount "82"]
[EventDate "2005.02.19"]
[EventType "team"]
[EventRounds "6"]
[EventCountry "USA"]
[SourceTitle "EXT 2014"]
[Source "ChessBase"]
[SourceDate "2013.11.20"]
[SourceVersion "1"]
[SourceVersionDate "2013.11.20"]
[SourceQuality "1"]

1. d4 Nf6 2. c4 g6 3. Nc3 Bg7 4. e4 d6 5. Be2 0-0 6. Bg5 h6 7. Be3 e5 8. d5 Na6 9. Qd2 Nc5 10. f3 Nh5 11. 0-0-0 Kh7 12. g4 Nf4 13. h4 f5 14. h5 fxg4 15. hxg6+ Kg8 16. fxg4 Qf6 17. b4 Na6 18. a3 Qxg6 19. Nf3 Nxe2+ 20. Qxe2 Bxg4 21. Rdg1 Bxf3 22. Rxg6 Bxe2 23. Nxe2 Kh7 24. Re6 Rae8 25. Rxe8 Rxe8 26. Ng3 Rf8 27. Nf5 Rf6 28. c5 dxc5 29. bxc5 Bf8 30. d6 cxd6 31. cxd6 Bxd6 32. Bxh6 Bxa3+ 33. Kd1 Kg6 34. Rg1+ Kf7 35. Rg7+ Ke6 36. Rxb7 Rf7 37. Rb5 Nc5 38. Ng7+ Kf6 39. Ne8+ Kg6 40. Bc1 Rf1+ 41. Kd2 Rxc1 0-1